Normal view MARC view

Entry Personal Name

Number of records used in: 3

001 - CONTROL NUMBER

  • control field: 162735

003 - CONTROL NUMBER IDENTIFIER

  • control field: OSt

005 - DATE AND TIME OF LATEST TRANSACTION

  • control field: 20220923212735.0

008 - FIXED-LENGTH DATA ELEMENTS

  • fixed length control field: 220923|| aca||aabn | a|a d

040 ## - CATALOGING SOURCE

  • Original cataloging agency: OSt
  • Transcribing agency: OSt

100 ## - HEADING--PERSONAL NAME

  • Personal name: बांदिवडेकर, चन्द्रकांत महादेव

670 ## - SOURCE DATA FOUND

  • Source citation: Work cat.: (OSt)311174: बांदिवडेकर, चन्द्रकांत महादेव, हिन्दी और मराठी के सामाजिक उपन्यासांे का तुलनात्मक अध्ययन (192 -47), 1973
Copyright @ Delhi University Library System